Δημοκρατία και εκπαίδευση : μια εισαγωγή στη φιλοσοφία της εκπαίδευσης

Saved in:
Bibliographic Details
Main Author: Dewey, John, 1859-1952
Other Authors: Τερζάκης, Φώτης, 1959- (Translator)
Format: Book
Language:Greek
Published: Αθήνα : Ηριδανός, 2016.
Series:Φιλοσοφία (Ηριδανός)
Subjects:
Tags: Add Tag
No Tags, Be the first to tag this record!

MARC

LEADER 00000cam a2200000 a 4500
001 1/123756
008 211019s2016####gr ||||||| |||| ||gre||
020 |a 9789603353362 
040 |a GR-MyUa  |b gre  |c GR-MyUa  |e AACR2 
041 1 |a gre 
082 7 |a 370.1  |2 (23) 
100 1 |a Dewey, John,   |d 1859-1952. 
245 1 0 |a Δημοκρατία και εκπαίδευση :   |b μια εισαγωγή στη φιλοσοφία της εκπαίδευσης /   |c John Dewey ; εισαγωγή-μετάφραση: Φώτης Τερζάκης.  
260 |a Αθήνα :   |b Ηριδανός,   |c 2016.  
300 |a 570 σ. ;   |c 21 εκ.  
490 1 |a (Φιλοσοφία) 
650 0 |a Education  |x Philosophy. 
650 0 |a Education  |x Social aspects. 
700 1 |a Τερζάκης, Φώτης,   |d 1959-  |e trl 
765 0 8 |i Μετάφραση του:   |t Democracy and education :  
830 0 |a Φιλοσοφία (Ηριδανός) 
852 |a INST  |b LESVOS  |e 20211019  |h 370.1 DEW  |p 005100063119  |q 005100063119  |t BK  |y 0 
970 |a Δημάκη  |b Μαρία  |z 19-10-2021